000 00569nam a2200229Ia 4500
005 20260320201511.0
008 008 262003s9999 xx 000 0 eng d
037 _aEBOOK
040 _aCRL
040 _beng
040 _cCRL
041 _2eng
041 _aeng
084 _qCRL
100 _aDick
_9882544
245 4 _aThe Infographic: A History of Data Graphics in News and Communications
260 _bIEEE
856 _uhttps://ieeexplore.ieee.org/servlet/opac?bknumber=9072203
942 _cEBOOK
999 _c1721625
_d1721625